Як повстала наша земля і який буде її кінець.- Вінніпег, 1920 (Запис № 438453)

МАРК-запис
000 -Лідер
fixed length control field 00928nam a22002177a 4500
003 - Ідентифікатор контрольного номера
control field UA-OsUOA
001 - Контрольний номер
control field 39944
007 - Фіксоване поле фізичного опису
fixed length control field ta
008 - Елементи даних фіксованої довжини – загальна інформація
fixed length control field 20080525b un ||||| |||| 00| 0 ukr d
090 ## - Локальний шифр розміщення
Класифікаційний індекс УДК 09-082
040 ## - Джерело каталогізації
Агенція оригінальної каталогізації UA-OsUOA
Мова каталогізації ukr
Агенція, яка здійснювала перезапис UA-OsUOA
Агенція, яка здійснювала модифікацію UA-OsUOA
041 ## - Код мови
Код мови тексту/ звукової доріжки чи окремого заголовка (П) ukr
080 ## - Індекс Універсальної десяткової класифікації
Індекс Універсальної десяткової класифікації (УДК) (НП) 09-082
100 ## - Основне введення – ім’я особи
Ім’я особи (НП) Умінський В. Королевський Ф.
245 ## - Відомості про назву
Назва (НП) Як повстала наша земля і який буде її кінець.- Вінніпег, 1920
Решта назви (НП) Мулярчик І. На филях любови (поезії); Опир (галицька лєгенда). - 1916; Лункевич В. З житя первісного чоловіка і сучасних дикунів. - Львів, 1912; Підеша. Які є люди на землі?. - Н.Й., 1916
246 31 - Інша форма назви
Назва (НП) (Зшиті різні книги)
Номер частини/ розділ роботи (П) Книга 10,11,12
650 #7 - Додаткове предметне введення – тематичний термін
Джерело заголовка чи терміна UDC
942 ## - Додаткові елементи входу (Коха)
Тип елемента Koha Книги
955 ## - Код типу видання за змістом
Код типу видання за змістом (НП) Наукові видання
Фонди
Стан вилучень Стан втрат Джерело класифікації або схеми стелажів Стан уражень Не для кредиту Постійне місце розташування Поточне розміщення Дата придбання Джерело придбання Вартість, звичайна ціна покупки Інвентарний номер Усього замовленно Штрих-код Дата останнього перегляду Ціна ефективна від Тип елемента Koha
    Universal Decimal Classification     Наукова бібліотека ІДУД Наукова бібліотека ІДУД 25/05/2008 110/2007 1.00 2128359   2128359 15/09/2019 25/05/2008 Книги